000 00563nam a22002177a 4500
003 UA-OsUOA
001 49286
007 ta
008 20070927b un ||||| |||| 00| 0 ukr d
090 _a82.09
_bС73
942 _cBK
040 _aUA-OsUOA
_bukr
_cUA-OsUOA
_dUA-OsUOA
245 _aСпогади сучасників М. М. Коцюбинського
300 _a78 с.
955 _a3
041 _aukr
080 _a82.09
260 _aК.
_c1960
650 7 _a82 Література. Літературознавство
_2UDC
999 _c335394
_d335394